| 000 | 01930cam a2200493 i 4500 | ||
|---|---|---|---|
| 999 |
_c6735 _d6735 |
||
| 001 | 20421260 | ||
| 003 | GBCCL | ||
| 005 | 20241126110610.0 | ||
| 008 | 171010s2018 ii b 000 0 eng d | ||
| 010 | _a 2017353203 | ||
| 020 |
_a9789351482604 _q(HB) |
||
| 020 |
_a9789351482611 _q(PB) |
||
| 020 |
_a935148260X _q(HB) |
||
| 020 | _a9351482618 | ||
| 025 | _aI-E-2017353203 ; 13-91 ; 69-91 ; 68-91 | ||
| 035 | _a(DLC)20421260 | ||
| 035 | _a(DLC)2017353203 | ||
| 035 | _a(OCoLC)on1023535893 | ||
| 035 | _a(OCoLC)1023535893 | ||
| 037 | _bLibrary of Congress -- New Delhi Overseas Office | ||
| 040 |
_aDKAGE _beng _erda _cDKAGE _dDLC |
||
| 042 |
_alccopycat _alcode |
||
| 043 | _aa-ii--- | ||
| 050 | 0 | 0 |
_aBR1156.I4 _bS63 2018 |
| 082 | 0 | 4 |
_a275.41 _223 _bSNA |
| 100 | 1 |
_aSnaitang, O. L., _d1952- _eauthor. _92983 |
|
| 245 | 1 | 0 |
_aChristianity and national integration in Northeast India : _bits role among tribes & communities for contributing towards cultural, educational, humanitarian and peace initiatives / _cO.L. Snaitang ; foreword by David R. Syiemlieh. |
| 264 | 1 |
_aNew Delhi : _bChristian World Imprints, _c2018. |
|
| 300 |
_axiv, 185 pages ; _c24 cm. |
||
| 336 |
_atext _btxt _2rdacontent |
||
| 337 |
_aunmediated _bn _2rdamedia |
||
| 338 |
_avolume _bnc _2rdacarrier |
||
| 490 | 1 |
_aChristian heritage rediscovered ; _v62 |
|
| 504 | _aIncludes bibliographical references (pages 161-185). | ||
| 650 | 0 |
_aChristianity _xSocial aspects _zIndia, Northeastern. _912092 |
|
| 650 | 0 |
_aChristianity and politics _zIndia, Northeastern. _912093 |
|
| 650 | 0 |
_aMissions _zIndia, Northeastern. _912094 |
|
| 650 | 0 |
_aTribes _zIndia, Northeastern _xReligion. _912095 |
|
| 651 | 0 |
_aIndia, Northeastern _xChurch history. _92119 |
|
| 830 | 0 |
_aChristian heritage rediscovered ; _v62. _912096 |
|
| 906 |
_a7 _bcbc _ccopycat _d3 _encip _f20 _gy-gencatlg |
||
| 942 |
_2ddc _cBK _024 |
||